Ensayos sobre los griegos
Zapisane w:
| 1. autor: | |
|---|---|
| Kolejni autorzy: | |
| Format: | Książka |
| Język: | hiszpański |
| Wydane: |
Buenos Aires
Ediciones Godot
2013
|
| Wydanie: | 1a. ed |
| Seria: | Colección Exhumaciones
|
| Hasła przedmiotowe: | |
| Etykiety: |
Dodaj etykietę
Nie ma etykietki, Dołącz pierwszą etykiete!
|
MARC
| LEADER | 00000cam a2200000 a 4500 | ||
|---|---|---|---|
| 001 | UCE1634 | ||
| 003 | CL-VaPUC | ||
| 005 | 20230309123502.0 | ||
| 008 | 140508e20130000ag |||||||||||||||||spa|d | ||
| 999 | |c 355374 |d 355372 | ||
| 020 | |a 9789871489602 | ||
| 040 | |c Pontificia Universidad Católica de Valparaíso | ||
| 082 | 0 | 4 | |a 193 |b NIE |2 21 |
| 100 | |a Nietzsche, Friedrich |q (Friedrich Wilhelm) |e autor |9 880463 | ||
| 245 | 1 | 0 | |a Ensayos sobre los griegos |
| 250 | |a 1a. ed | ||
| 260 | |a Buenos Aires |b Ediciones Godot |c 2013 | ||
| 300 | |a 95 p | ||
| 490 | 0 | |a Colección Exhumaciones | |
| 583 | |a last modification |c 20140508 16:03:00 |k Rodrigo Vera | ||
| 650 | 0 | |a Filosofía alemana |9 265002 | |
| 650 | 7 | |a FILOSOFOS ALEMANES |2 CL-VaPUC |9 573994 | |
| 650 | 0 | |a Ensayos filosóficos |9 318909 | |
| 700 | |a Varela, Gustavo |e prólogo |9 875872 | ||
| 942 | |c BK |2 ddc | ||
| 945 | |d 20140508 16:03:00 |a dcastane | ||
| 952 | |0 0 |1 0 |3 erb |4 0 |6 193_000000000000000_NIE_2013 |7 0 |8 A |9 462079 |a BIBEDU |b BIBEDU |i 5074509 |l 2 |m 2 |o 193 NIE 2013 |p 5074509 |r 2025-04-10 |s 2025-03-18 |w 2019-11-23 |y BK |z Catalogado en:20140508 |k FIL | ||